Vainqueurs de la Premier League - Statistiques

Statistiques générales
  • Ce quiz a été pris 242 fois
    17 depuis la dernière actualisation
  • Le résultat moyen est 106 sur 126
Statistiques - réponses
Année Vainqueur % Correct
1931 | 1933 | 1934 | +10 others Arsenal FC
100%
1894 | 1896 | 1897 | +4 others Aston Villa
100%
1955 | 2005 | 2006 | +3 others Chelsea FC
100%
1891 | 1915 | 1928 | +6 others Everton FC
100%
2016 Leicester City
100%
1901 | 1906 | 1922 | +17 others Liverpool FC
100%
1937 | 1968 | 2012 | +7 others Manchester City
100%
1908 | 1911 | 1952 | +17 others Manchester United
100%
1905 | 1907 | 1909 | 1927 Newcastle United
100%
1969 | 1974 | 1992 Leeds United
89%
1951 | 1961 Tottenham Hotspur
89%
1912 | 1914 | 1995 Blackburn Rovers
78%
1978 Nottingham Forest
78%
1892 | 1893 | 1895 | +3 others Sunderland AFC
67%
1954 | 1958 | 1959 Wolverhampton Wanderers
56%
1898 Sheffield United
33%
1930 Sheffield Wednesday
33%
1924 | 1925 | 1926 Huddersfield Town
22%
1949 | 1950 Portsmouth FC
22%
1921 | 1960 Burnley FC
11%
1889 | 1890 Preston North End
11%
1920 West Bromwich Albion
11%
1972 | 1975 Derby County
0%
1962 Ipswich Town
0%
1903 | 1904 | 1929 The Wednesday FC
0%
Aucun quiz correspondant
Distribution des résultats
% des personnes avec chaque résultat
Percentile par nombre de réponses
Votre historique - résultats
Vous n’avez pas pris ce quiz depuis la dernière actualisation